The Moon Quiz Stats

 Plays Quiz Updated Feb 28, 2019

Score 0/24 Timer 06:00
1 Play Today
Hint Answer % Correct
Dance move popularized by Michael Jackson, also the title of his 1988 autobiographyMoonwalk
88.4%
The second book in the Twilight Saga, arguably two too manyNew Moon
78.9%
Illicitly-distilled liquor, hooch, white lightningMoonshine
76.8%
A lunar event used colloquially to mean 'a rare occurance'Blue Moon
74.3%
Pink Floyd studio album and unofficial soundtrack to the Wizard of OzDark Side of the Moon
67.9%
1999 Jim Carrey film about Andy Kaufman kindly named by R.E.MMan on the Moon
67.7%
1979 Roger Moore Bond film that took place partially near the moonMoonraker
53.4%
1950s Jackie Gleason sitcom...Pow! Right in the kisser! The Honeymooners
51.4%
Margaret Wise Brown's beloved childrens bookGoodnight Moon
49.3%
According to Van Morrison, it is a marvelous night for one of theseMoondance
48.4%
Drummer for The Who and occasional hotel room furniture rearrangerKeith Moon
46%
1980s TV series starring Bruce Willis and Cybill ShepherdMoonlighting
45.6%
Hint Answer % Correct
1987 romantic comedy starring Cher and Nicolas CageMoonstruck
45.7%
1969 song by Creedence Clearwater RevivalBad Moon Rising
45.4%
Former NFL quarterback, enshrined in both the Canadian and Pro Football Halls of FameWarren Moon
41.6%
Academy Award for Best Original Song for the movie Breakfast at Tiffany'sMoon River
39.2%
Japanese media anime franchise created by Naoko TakeuchiSailor Moon
31.7%
Actress well known for her roles as Punky Brewster and Roxie King in Sabrina, the Teenage WitchSoleil Moon Frye
30.5%
Movie for which Tatum O'Neal won an Oscar at the ripe old age of 10Paper Moon
28.1%
1941 Betty Grable and Don Ameche film (or Denny's menu item)Moon Over Miami (Moon Over My-Hammy)
23.4%
A Neil Young album (and song) or a late 1990s Super Nintendo video game Harvest Moon
23.2%
The Police's second number-one hit single in the UKWalking On The Moon
18.1%
To date the only celestially named UN Secretary GeneralBan Ki-Moon
17.8%
1982 scrolling arcade classic with big holes and flying saucersMoon Patrol
3.9%

You're not logged in!

Compare scores with friends on all Sporcle quizzes.
OR
Log In

Sporcle TV

Today on Sporcle TV


Watch our educational content, quiz creation guides, and fun videos on Sporcle TV.

Show Comments

Extras

Top Quizzes Today


Score Distribution

Your Account Isn't Verified!

In order to create a playlist on Sporcle, you need to verify the email address you used during registration. Go to your Sporcle Settings to finish the process.

Report this User

Report this user for behavior that violates our Community Guidelines.

Details: